000 00354nam a2200133Ia 4500
005 20260326100035.0
008 260326s9999||||xx |||||||||||||| ||und||
100 _aCortes Ahumada, Ernesto
245 0 _aEl Barrio de la Candelaria /
_cErnesto Cortes Ahumada
260 _bBanco Central Hipotecario
300 _a263 p.
650 _aHISTORIA
942 _cBK
999 _c6758
_d6758